Matemáticas para Ingeniería. Calculo Diferencial e Integral.
Spremljeno u:
| Glavni autor: | |
|---|---|
| Daljnji autori: | , |
| Format: | Knjiga |
| Izdano: |
Valparaíso, Chile:
Ediciones PUCV,
2024.
|
| Izdanje: | Primera edición |
| Serija: | Colección Ingeniería
|
| Teme: | |
| Oznake: |
Dodaj oznaku
Bez oznaka, Budi prvi tko označuje ovaj zapis!
|
MARC
| LEADER | 00000nam a22000007a 4500 | ||
|---|---|---|---|
| 003 | CL-VaPUC | ||
| 005 | 20240807105003.0 | ||
| 008 | 240708t2024 ||||| |||| 00| 0 eng d | ||
| 999 | |c 444175 |d 444173 | ||
| 020 | |a 978-956-17-1124-2 Obra completa | ||
| 020 | |a 978-956-17-1126-6 v.2 | ||
| 040 | |c Pontificia Universidad Católica de Valparaíso | ||
| 082 | 7 | |2 22 |a 515 AST 2024 | |
| 100 | |a Astudillo Villagra, Mariana Andrea |9 834582 |e autora | ||
| 245 | |a Matemáticas para Ingeniería. |b Calculo Diferencial e Integral. | ||
| 250 | |a Primera edición | ||
| 260 | |a Valparaíso, Chile: |b Ediciones PUCV, |c 2024. | ||
| 300 | |a 191 páginas. | ||
| 490 | |a Colección Ingeniería |n 2 | ||
| 500 | |a c.1 Donación Ediciones PUCV. Facultad de Ingeniería 08/07/2024 | ||
| 583 | |c 20240708 |k Angela Raggi | ||
| 650 | 0 | |a Cálculo (Límites) |9 890072 |x Límites laterales |x Límites al infinito |x Límites infinitos | |
| 650 | 0 | |a Función continua |9 422301 | |
| 650 | 0 | |a Cálculo diferencial |9 260102 |x Derivadas | |
| 650 | 0 | |a Integrales |9 260233 |x Cálculo de integrales |x Cálculo de áreas | |
| 650 | 0 | |a Matemática para Ingeniería |9 548213 | |
| 700 | |a Fuentes Montecinos, Rodrigo |e autor |9 890080 | ||
| 700 | |a González Yáñez, Betsabé |e autora |9 890081 | ||
| 942 | |2 ddc |c BK | ||
| 952 | |0 0 |1 0 |2 ddc |4 0 |6 515_000000000000000_AST_2024 |7 0 |8 A |9 595332 |a BIBING |b BIBING |c GEN |d 2024-07-08 |e Donación |h v.2 |i 5661800 |l 4 |m 3 |o 515 AST 2024 |p 5661800 |r 2025-01-20 |s 2024-11-18 |t 1 |w 2024-07-09 |y BK |k ING | ||
| 952 | |0 0 |1 0 |2 ddc |4 0 |6 515_000000000000000_AST_2024 |7 0 |8 A |9 595460 |a BIBING |b BIBING |c GEN |d 2024-07-08 |e Donación |h v.2 |i 5661801 |l 3 |o 515 AST 2024 |p 5661801 |r 2025-01-20 |s 2024-11-18 |t 2 |w 2024-07-09 |y BK |k ING | ||
| 952 | |0 0 |1 0 |2 ddc |4 0 |6 515_000000000000000_AST_2024 |7 0 |8 A |9 595461 |a BIBING |b BIBING |c GEN |d 2024-07-08 |e Donación |h v.2 |i 5661802 |o 515 AST 2024 |p 5661802 |r 2025-01-20 |t 3 |w 2024-07-09 |y BK |k ING | ||
| 952 | |0 0 |1 0 |2 ddc |4 0 |6 515_000000000000000_AST_2024 |7 0 |8 A |9 595462 |a BIBMAT |b BIBMAT |c GEN |d 2024-07-08 |e Donación |h v.2 |i 5661803 |o 515 AST 2024 |p 5661803 |r 2025-01-20 |t 4 |w 2024-07-09 |y BK |k MAT | ||
| 952 | |0 0 |1 0 |2 ddc |4 0 |6 515_000000000000000_AST_2024 |7 0 |8 A |9 595463 |a BIBING |b BIBING |c GEN |d 2024-07-08 |e Donación |h v.2 |i 5661804 |l 4 |m 3 |o 515 AST 2024 |p 5661804 |q 2025-05-12 |r 2025-04-28 |s 2025-04-28 |t 5 |w 2024-07-09 |y BK |k ING | ||
| 952 | |0 0 |1 0 |2 ddc |4 0 |6 515_000000000000000_AST_2024 |7 0 |8 A |9 595464 |a BIBING |b BIBING |c GEN |d 2024-07-08 |e Donación |h v.2 |i 5661805 |l 3 |m 1 |o 515 AST 2024 |p 5661805 |r 2025-03-21 |s 2025-03-14 |t 6 |w 2024-07-09 |y BK |k ING | ||
| 952 | |0 0 |1 0 |2 ddc |4 0 |6 515_000000000000000_AST_2024 |7 0 |8 A |9 595465 |a BIBING |b BIBING |c GEN |d 2024-07-08 |e Donación |h v.2 |i 5661806 |o 515 AST 2024 |p 5661806 |r 2025-01-20 |t 7 |w 2024-07-09 |y BK |k ING | ||
| 952 | |0 0 |1 0 |2 ddc |4 0 |6 515_000000000000000_AST_2024 |7 0 |8 A |9 595466 |a BIBING |b BIBING |c GEN |d 2024-07-08 |e Donación |h v.2 |i 5661807 |l 3 |o 515 AST 2024 |p 5661807 |r 2025-04-28 |s 2025-04-21 |t 8 |w 2024-07-09 |y BK |k ING | ||
| 952 | |0 0 |1 0 |2 ddc |4 0 |6 515_000000000000000_AST_2024 |7 0 |8 A |9 595467 |a BIBING |b BIBING |c GEN |d 2024-07-08 |e Donación |h v.2 |i 5661808 |o 515 AST 2024 |p 5661808 |r 2025-01-20 |t 9 |w 2024-07-09 |y BK |k ING | ||
| 952 | |0 0 |1 0 |2 ddc |4 0 |6 515_000000000000000_AST_2024 |7 0 |8 A |9 595468 |a BIBING |b BIBING |c GEN |d 2024-07-08 |e Donación |h v.2 |i 5661809 |o 515 AST 2024 |p 5661809 |r 2025-01-20 |t 10 |w 2024-07-09 |y BK |k ING | ||
| 952 | |0 0 |1 0 |2 ddc |4 0 |6 515_000000000000000_AST_2024 |7 0 |8 A |9 595469 |a BIBING |b BIBING |c GEN |d 2024-07-08 |e Donación |h v.2 |i 5661810 |o 515 AST 2024 |p 5661810 |r 2025-01-20 |t 11 |w 2024-07-09 |y BK |k ING | ||
| 952 | |0 0 |1 0 |2 ddc |4 0 |6 515_000000000000000_AST_2024 |7 0 |8 A |9 595470 |a BIBING |b BIBING |c GEN |d 2024-07-08 |e Donación |h v.2 |i 5661811 |o 515 AST 2024 |p 5661811 |r 2025-01-20 |t 12 |w 2024-07-09 |y BK |k ING | ||
| 952 | |0 0 |1 0 |2 ddc |4 0 |6 515_000000000000000_AST_2024 |7 0 |8 A |9 595471 |a BIBING |b BIBING |c GEN |d 2024-07-08 |e Donación |h v.2 |i 5661813 |o 515 AST 2024 |p 5661813 |r 2025-01-20 |t 14 |w 2024-07-09 |y BK |k ING | ||
| 952 | |0 0 |1 0 |2 ddc |4 0 |6 515_000000000000000_AST_2024 |7 0 |8 A |9 595472 |a BIBING |b BIBING |c GEN |d 2024-07-08 |e Donación |h v.2 |i 5661814 |o 515 AST 2024 |p 5661814 |r 2025-01-20 |t 15 |w 2024-07-09 |y BK |k ING | ||
| 952 | |0 0 |1 0 |2 ddc |4 0 |6 515_000000000000000_AST_2024 |7 0 |8 A |9 595473 |a BIBING |b BIBING |c GEN |d 2024-07-08 |e Donación |h v.2 |i 5661815 |o 515 AST 2024 |p 5661815 |r 2025-01-20 |t 16 |w 2024-07-09 |y BK |k ING | ||
| 952 | |0 0 |1 0 |2 ddc |4 0 |6 515_000000000000000_AST_2024 |7 0 |8 A |9 595474 |a BIBING |b BIBING |c GEN |d 2024-07-08 |e Donación |h v.2 |i 5661816 |l 1 |m 2 |o 515 AST 2024 |p 5661816 |r 2025-04-14 |s 2025-03-24 |t 17 |w 2024-07-09 |y BK |k ING | ||
| 952 | |0 0 |1 0 |2 ddc |4 0 |6 515_000000000000000_AST_2024 |7 0 |8 A |9 595475 |a BIBING |b BIBING |c GEN |d 2024-07-08 |e Donación |h v.2 |i 5661817 |o 515 AST 2024 |p 5661817 |r 2025-01-20 |t 18 |w 2024-07-09 |y BK |k ING | ||
| 952 | |0 0 |1 0 |2 ddc |4 0 |6 515_000000000000000_AST_2024 |7 0 |8 A |9 595476 |a BIBING |b BIBING |c GEN |d 2024-07-08 |e Donación |h v.2 |i 5661818 |l 2 |m 4 |o 515 AST 2024 |p 5661818 |r 2025-01-20 |s 2024-08-28 |t 19 |w 2024-07-09 |y BK |k ING | ||
| 952 | |0 0 |1 0 |2 ddc |4 0 |6 515_000000000000000_AST_2024 |7 0 |8 A |9 595477 |a BIBING |b BIBING |c GEN |d 2024-07-08 |e Donación |h v.2 |i 5661819 |o 515 AST 2024 |p 5661819 |r 2025-01-20 |t 20 |w 2024-07-09 |y BK |k ING | ||
| 952 | |0 0 |1 0 |2 ddc |4 0 |6 515_000000000000000_AST_2024 |7 0 |8 A |9 595478 |a BIBING |b BIBING |c GEN |d 2024-07-08 |e Donación |h v.2 |i 5661820 |o 515 AST 2024 |p 5661820 |r 2025-01-20 |t 21 |w 2024-07-09 |y BK |k ING | ||
| 952 | |0 0 |1 0 |2 ddc |4 0 |6 515_000000000000000_AST_2024 |7 0 |8 A |9 595479 |a BIBING |b BIBING |c GEN |d 2024-07-08 |e Donación |h v.2 |i 5661821 |o 515 AST 2024 |p 5661821 |r 2025-01-20 |t 22 |w 2024-07-09 |y BK |k ING | ||
| 952 | |0 0 |1 0 |2 ddc |4 0 |6 515_000000000000000_AST_2024 |7 0 |8 A |9 595480 |a BIBING |b BIBING |c GEN |d 2024-07-08 |e Donación |h v.2 |i 5661822 |l 1 |o 515 AST 2024 |p 5661822 |r 2025-05-05 |s 2025-04-25 |t 23 |w 2024-07-09 |y BK |k ING | ||
| 952 | |0 0 |1 0 |2 ddc |4 0 |6 515_000000000000000_AST_2024 |7 0 |8 A |9 595481 |a BIBING |b BIBING |c GEN |d 2024-07-08 |e Donación |h v.2 |i 5661823 |o 515 AST 2024 |p 5661823 |r 2025-01-20 |t 24 |w 2024-07-09 |y BK |k ING | ||
| 952 | |0 0 |1 0 |2 ddc |4 0 |6 515_000000000000000_AST_2024 |7 0 |8 A |9 595482 |a BIBING |b BIBING |c GEN |d 2024-07-08 |e Donación |h v.2 |i 5661824 |o 515 AST 2024 |p 5661824 |r 2025-01-20 |t 25 |w 2024-07-09 |y BK |k ING | ||
| 952 | |0 0 |1 0 |2 ddc |4 0 |6 515_000000000000000_AST_2024 |7 0 |8 A |9 595483 |a BIBING |b BIBING |c GEN |d 2024-07-08 |e Donación |h v.2 |i 5661812 |o 515 AST 2024 |p 5661812 |r 2025-01-20 |t 13 |w 2024-07-09 |y BK |k ING | ||
| 952 | |0 0 |1 0 |2 ddc |4 0 |6 515_000000000000000_AST_2024 |7 0 |8 A |9 595647 |a BIBING |b BIBING |c GEN |d 2024-07-08 |e Donación |h v.2 |i 5661825 |o 515 AST 2024 |p 5661825 |r 2025-01-20 |t 26 |w 2024-07-09 |y BK |k ING | ||
| 952 | |0 0 |1 0 |2 ddc |4 0 |6 515_000000000000000_AST_2024 |7 0 |8 A |9 595648 |a BIBING |b BIBING |c GEN |d 2024-07-08 |e Donación |h v.2 |i 5661826 |o 515 AST 2024 |p 5661826 |r 2025-01-20 |t 27 |w 2024-07-09 |y BK |k ING | ||
| 952 | |0 0 |1 0 |2 ddc |4 0 |6 515_000000000000000_AST_2024 |7 0 |8 A |9 595649 |a BIBING |b BIBING |c GEN |d 2024-07-08 |e Donación |h v.2 |i 5661827 |o 515 AST 2024 |p 5661827 |r 2025-01-20 |t 28 |w 2024-07-09 |y BK |k ING | ||
| 952 | |0 0 |1 0 |2 ddc |4 0 |6 515_000000000000000_AST_2024 |7 0 |8 A |9 595650 |a BIBING |b BIBING |c GEN |d 2024-07-08 |e Donación |h v.2 |i 5661828 |o 515 AST 2024 |p 5661828 |r 2025-01-20 |t 29 |w 2024-07-09 |y BK |k ING | ||
| 952 | |0 0 |1 0 |2 ddc |4 0 |6 515_000000000000000_AST_2024 |7 0 |8 A |9 595651 |a BIBING |b BIBING |c GEN |d 2024-07-08 |e Donación |h v.2 |i 5661829 |o 515 AST 2024 |p 5661829 |r 2025-01-20 |t 30 |w 2024-07-09 |y BK |k ING | ||
| 952 | |0 0 |1 0 |2 ddc |4 0 |6 515_000000000000000_AST_2024 |7 0 |8 A |9 595652 |a BIBING |b BIBING |c GEN |d 2024-07-08 |e Donación |h v.2 |i 5661830 |l 1 |o 515 AST 2024 |p 5661830 |r 2025-01-20 |s 2024-08-07 |t 31 |w 2024-07-09 |y BK |k ING | ||
| 952 | |0 0 |1 0 |2 ddc |4 0 |6 515_000000000000000_AST_2024 |7 0 |8 A |9 595653 |a BIBING |b BIBING |c GEN |d 2024-07-08 |e Donación |h v.2 |i 5661831 |l 1 |o 515 AST 2024 |p 5661831 |r 2025-01-20 |s 2024-08-05 |t 32 |w 2024-07-09 |y BK |k ING | ||
| 952 | |0 0 |1 0 |2 ddc |4 0 |6 515_000000000000000_AST_2024 |7 0 |8 A |9 595654 |a BIBING |b BIBING |c GEN |d 2024-07-08 |e Donación |h v.2 |i 5661832 |l 3 |m 3 |o 515 AST 2024 |p 5661832 |r 2025-01-20 |s 2024-09-12 |t 33 |w 2024-07-09 |y BK |k ING | ||
| 952 | |0 0 |1 0 |2 ddc |4 0 |6 515_000000000000000_AST_2024 |7 0 |8 A |9 595655 |a BIBING |b BIBING |c GEN |d 2024-07-08 |e Donación |h v.2 |i 5661833 |o 515 AST 2024 |p 5661833 |r 2025-01-20 |t 34 |w 2024-07-09 |y BK |k ING | ||
| 952 | |0 0 |1 0 |2 ddc |4 0 |6 515_000000000000000_AST_2024 |7 0 |8 A |9 595656 |a BIBING |b BIBING |c GEN |d 2024-07-08 |e Donación |h v.2 |i 5661834 |o 515 AST 2024 |p 5661834 |r 2025-01-20 |t 35 |w 2024-07-09 |y BK |k ING | ||
| 952 | |0 0 |1 0 |2 ddc |4 0 |6 515_000000000000000_AST_2024 |7 0 |8 A |9 595657 |a BIBING |b BIBING |c GEN |d 2024-07-08 |e Donación |h v.2 |i 5661835 |l 4 |m 1 |o 515 AST 2024 |p 5661835 |r 2025-01-20 |s 2024-11-05 |t 36 |w 2024-07-09 |y BK |k ING | ||
| 952 | |0 0 |1 0 |2 ddc |4 0 |6 515_000000000000000_AST_2024 |7 0 |8 A |9 595658 |a BIBING |b BIBING |c GEN |d 2024-07-08 |e Donación |h v.2 |i 5661836 |l 3 |m 1 |o 515 AST 2024 |p 5661836 |r 2025-01-20 |s 2024-11-14 |t 37 |w 2024-07-09 |y BK |k ING | ||
| 952 | |0 0 |1 0 |2 ddc |4 0 |6 515_000000000000000_AST_2024 |7 0 |8 A |9 595659 |a BIBING |b BIBING |c GEN |d 2024-07-08 |e Donación |h v.2 |i 5661837 |l 3 |m 4 |o 515 AST 2024 |p 5661837 |r 2025-01-20 |s 2024-11-05 |t 38 |w 2024-07-09 |y BK |k ING | ||
| 952 | |0 0 |1 0 |2 ddc |4 0 |6 515_000000000000000_AST_2024 |7 0 |8 A |9 595660 |a BIBING |b BIBING |c GEN |d 2024-07-08 |e Donación |h v.2 |i 5661838 |l 3 |m 3 |o 515 AST 2024 |p 5661838 |r 2025-03-27 |s 2025-03-11 |t 39 |w 2024-07-09 |y BK |k ING | ||
| 952 | |0 0 |1 0 |2 ddc |4 0 |6 515_000000000000000_AST_2024 |7 0 |8 A |9 595661 |a BIBING |b BIBING |c GEN |d 2024-07-08 |e Donación |h v.2 |i 5661839 |l 1 |m 4 |o 515 AST 2024 |p 5661839 |r 2025-01-20 |s 2024-08-12 |t 40 |w 2024-07-09 |y BK |k ING | ||
| 952 | |0 0 |1 0 |2 ddc |4 0 |6 515_000000000000000_AST_2024 |7 0 |8 A |9 595662 |a BIBING |b BIBING |c GEN |d 2024-07-08 |e Donación |h v.2 |i 5661840 |l 4 |o 515 AST 2024 |p 5661840 |r 2025-04-21 |s 2025-04-14 |t 41 |w 2024-07-09 |y BK |k ING | ||
| 952 | |0 0 |1 0 |2 ddc |4 0 |6 515_000000000000000_AST_2024 |7 0 |8 A |9 595663 |a BIBING |b BIBING |c GEN |d 2024-07-08 |e Donación |h v.2 |i 5661841 |l 1 |o 515 AST 2024 |p 5661841 |r 2025-01-20 |s 2024-08-30 |t 42 |w 2024-07-09 |y BK |k ING | ||
| 952 | |0 0 |1 0 |2 ddc |4 0 |6 515_000000000000000_AST_2024 |7 0 |8 A |9 595664 |a BIBING |b BIBING |c GEN |d 2024-07-08 |e Donación |h v.2 |i 5661842 |l 2 |o 515 AST 2024 |p 5661842 |r 2025-01-20 |s 2024-09-09 |t 43 |w 2024-07-09 |y BK |k ING | ||
| 952 | |0 0 |1 0 |2 ddc |4 0 |6 515_000000000000000_AST_2024 |7 0 |8 A |9 595665 |a BIBING |b BIBING |c GEN |d 2024-07-08 |e Donación |h v.2 |i 5661843 |l 6 |m 4 |o 515 AST 2024 |p 5661843 |r 2025-04-21 |s 2025-04-14 |t 44 |w 2024-07-09 |y BK |k ING | ||
| 952 | |0 0 |1 0 |2 ddc |4 0 |6 515_000000000000000_AST_2024 |7 0 |8 A |9 595666 |a BIBING |b BIBING |c GEN |d 2024-07-08 |e Donación |h v.2 |i 5661844 |l 5 |m 6 |o 515 AST 2024 |p 5661844 |r 2025-01-20 |s 2024-11-04 |t 45 |w 2024-07-09 |y BK |k ING | ||
| 952 | |0 0 |1 0 |2 ddc |4 0 |6 515_000000000000000_AST_2024 |7 0 |8 A |9 595667 |a BIBING |b BIBING |c GEN |d 2024-07-08 |e Donación |h v.2 |i 5661845 |l 4 |m 5 |o 515 AST 2024 |p 5661845 |r 2025-01-20 |s 2024-11-06 |t 46 |w 2024-07-09 |y BK |k ING | ||
| 952 | |0 0 |1 0 |2 ddc |4 0 |6 515_000000000000000_AST_2024 |7 0 |8 A |9 595668 |a BIBING |b BIBING |c GEN |d 2024-07-08 |e Donación |h v.2 |i 5661846 |l 4 |o 515 AST 2024 |p 5661846 |r 2025-04-21 |s 2025-04-14 |t 47 |w 2024-07-09 |y BK |k ING | ||
| 952 | |0 0 |1 0 |2 ddc |4 0 |6 515_000000000000000_AST_2024 |7 0 |8 A |9 595669 |a BIBING |b BIBING |c GEN |d 2024-07-08 |e Donación |h v.2 |i 5661847 |l 5 |m 1 |o 515 AST 2024 |p 5661847 |r 2025-03-31 |s 2025-03-11 |t 48 |w 2024-07-09 |y BK |k ING | ||
| 952 | |0 0 |1 0 |2 ddc |4 0 |6 515_000000000000000_AST_2024 |7 0 |8 A |9 595670 |a BIBING |b BIBING |c GEN |d 2024-07-08 |e Donación |h v.2 |i 5661848 |l 4 |m 6 |o 515 AST 2024 |p 5661848 |r 2025-01-20 |s 2024-10-23 |t 49 |w 2024-07-09 |y BK |k ING | ||
| 952 | |0 0 |1 0 |2 ddc |4 0 |6 515_000000000000000_AST_2024 |7 0 |8 A |9 595671 |a BIBING |b BIBING |c GEN |d 2024-07-08 |e Donación |h v.2 |i 5661849 |l 4 |m 1 |o 515 AST 2024 |p 5661849 |r 2025-04-11 |s 2025-04-07 |t 50 |w 2024-07-09 |y BK |k ING | ||
| 952 | |0 0 |1 0 |2 ddc |4 0 |6 515_000000000000000_AST_2024 |7 0 |8 A |9 595816 |a BIBING |b BIBING |c GEN |d 2024-07-08 |e Donación |h v.2 |i 5661850 |l 3 |m 1 |o 515 AST 2024 |p 5661850 |r 2025-04-14 |s 2025-04-04 |t 51 |w 2024-07-09 |y BK |k ING | ||
| 952 | |0 0 |1 0 |2 ddc |4 0 |6 515_000000000000000_AST_2024 |7 0 |8 A |9 595817 |a BIBING |b BIBING |c GEN |d 2024-07-08 |e Donación |h v.2 |i 5661851 |l 7 |m 3 |o 515 AST 2024 |p 5661851 |r 2025-01-20 |s 2024-11-18 |t 52 |w 2024-07-09 |y BK |k ING | ||
| 952 | |0 0 |1 0 |2 ddc |4 0 |6 515_000000000000000_AST_2024 |7 0 |8 A |9 595818 |a BIBING |b BIBING |c GEN |d 2024-07-08 |e Donación |h v.2 |i 5661852 |l 5 |m 6 |o 515 AST 2024 |p 5661852 |r 2025-01-20 |s 2024-10-29 |t 53 |w 2024-07-09 |y BK |k ING | ||
| 952 | |0 0 |1 0 |2 ddc |4 0 |6 515_000000000000000_AST_2024 |7 0 |8 A |9 595819 |a BIBING |b BIBING |c GEN |d 2024-07-08 |e Donación |h v.2 |i 5661853 |l 6 |m 6 |o 515 AST 2024 |p 5661853 |r 2025-01-20 |s 2024-11-11 |t 54 |w 2024-07-09 |y BK |k ING | ||
| 952 | |0 0 |1 0 |2 ddc |4 0 |6 515_000000000000000_AST_2024 |7 0 |8 A |9 595820 |a BIBING |b BIBING |c GEN |d 2024-07-08 |e Donación |h v.2 |i 5661854 |l 2 |o 515 AST 2024 |p 5661854 |r 2025-01-20 |s 2024-11-27 |t 55 |w 2024-07-09 |y BK |k ING | ||
| 952 | |0 0 |1 0 |2 ddc |4 0 |6 515_000000000000000_AST_2024 |7 0 |8 A |9 595821 |a BIBING |b BIBING |c GEN |d 2024-07-08 |e Donación |h v.2 |i 5661855 |l 5 |m 7 |o 515 AST 2024 |p 5661855 |q 2025-05-16 |r 2025-05-09 |s 2025-05-09 |t 56 |w 2024-07-09 |y BK |k ING | ||
| 952 | |0 0 |1 0 |2 ddc |4 0 |6 515_000000000000000_AST_2024 |7 0 |8 A |9 595822 |a BIBING |b BIBING |c GEN |d 2024-07-08 |e Donación |h v.2 |i 5661856 |l 5 |m 2 |o 515 AST 2024 |p 5661856 |r 2025-04-02 |s 2025-03-24 |t 57 |w 2024-07-09 |y BK |k ING | ||
| 952 | |0 0 |1 0 |2 ddc |4 0 |6 515_000000000000000_AST_2024 |7 0 |8 A |9 595823 |a BIBING |b BIBING |c GEN |d 2024-07-08 |e Donación |h v.2 |i 5661857 |l 1 |o 515 AST 2024 |p 5661857 |r 2025-01-20 |s 2024-08-28 |t 58 |w 2024-07-09 |y BK |k ING | ||
| 952 | |0 0 |1 0 |2 ddc |4 0 |6 515_000000000000000_AST_2024 |7 0 |8 A |9 595824 |a BIBING |b BIBING |c GEN |d 2024-07-08 |e Donación |h v.2 |i 5661858 |l 2 |m 2 |o 515 AST 2024 |p 5661858 |r 2025-01-20 |s 2024-08-28 |t 59 |w 2024-07-09 |y BK |k ING | ||
| 952 | |0 0 |1 0 |2 ddc |4 0 |6 515_000000000000000_AST_2024 |7 0 |8 A |9 595825 |a BIBING |b BIBING |c GEN |d 2024-07-08 |e Donación |h v.2 |i 5661859 |l 2 |m 1 |o 515 AST 2024 |p 5661859 |r 2025-04-14 |s 2025-04-07 |t 60 |w 2024-07-09 |y BK |k ING | ||
| 952 | |0 0 |1 0 |2 ddc |4 0 |6 515_000000000000000_AST_2024 |7 0 |8 A |9 595826 |a BIBING |b BIBING |c GEN |d 2024-07-08 |e Donación |h v.2 |i 5661860 |l 7 |m 5 |o 515 AST 2024 |p 5661860 |r 2025-01-20 |s 2024-11-18 |t 61 |w 2024-07-09 |y BK |k ING | ||
| 952 | |0 0 |1 0 |2 ddc |4 0 |6 515_000000000000000_AST_2024 |7 0 |8 A |9 595827 |a BIBING |b BIBING |c GEN |d 2024-07-08 |e Donación |h v.2 |i 5661861 |l 2 |m 1 |o 515 AST 2024 |p 5661861 |r 2025-01-20 |s 2024-09-02 |t 62 |w 2024-07-09 |y BK |k ING | ||
| 952 | |0 0 |1 0 |2 ddc |4 0 |6 515_000000000000000_AST_2024 |7 0 |8 A |9 595828 |a BIBING |b BIBING |c GEN |d 2024-07-08 |e Donación |h v.2 |i 5661862 |l 9 |m 2 |o 515 AST 2024 |p 5661862 |r 2025-01-20 |s 2024-11-25 |t 63 |w 2024-07-09 |y BK |k ING | ||
| 952 | |0 0 |1 0 |2 ddc |4 0 |6 515_000000000000000_AST_2024 |7 0 |8 A |9 595829 |a BIBING |b BIBING |c GEN |d 2024-07-08 |e Donación |h v.2 |i 5661863 |l 3 |m 4 |o 515 AST 2024 |p 5661863 |r 2025-01-20 |s 2024-10-25 |t 64 |w 2024-07-09 |y BK |k ING | ||
| 952 | |0 0 |1 0 |2 ddc |4 0 |6 515_000000000000000_AST_2024 |7 0 |8 A |9 595830 |a BIBING |b BIBING |c GEN |d 2024-07-08 |e Donación |h v.2 |i 5661864 |l 2 |o 515 AST 2024 |p 5661864 |r 2025-01-20 |s 2024-08-21 |t 65 |w 2024-07-09 |y BK |k ING | ||
| 952 | |0 0 |1 0 |2 ddc |4 0 |6 515_000000000000000_AST_2024 |7 0 |8 A |9 595831 |a BIBING |b BIBING |c GEN |d 2024-07-08 |e Donación |h v.2 |i 5661865 |l 12 |m 6 |o 515 AST 2024 |p 5661865 |q 2025-05-15 |r 2025-05-08 |s 2025-05-08 |t 66 |w 2024-07-09 |y BK |k ING | ||
| 952 | |0 0 |1 0 |2 ddc |4 0 |6 515_000000000000000_AST_2024 |7 0 |8 A |9 595832 |a BIBING |b BIBING |c GEN |d 2024-07-08 |e Donación |h v.2 |i 5661866 |l 6 |m 4 |o 515 AST 2024 |p 5661866 |q 2025-05-16 |r 2025-05-09 |s 2025-05-09 |t 67 |w 2024-07-09 |y BK |k ING | ||
| 952 | |0 0 |1 0 |2 ddc |4 0 |6 515_000000000000000_AST_2024 |7 0 |8 A |9 595833 |a BIBING |b BIBING |c GEN |d 2024-07-08 |e Donación |h v.2 |i 5661867 |l 5 |m 9 |o 515 AST 2024 |p 5661867 |q 2025-05-16 |r 2025-05-09 |s 2025-05-09 |t 68 |w 2024-07-09 |y BK |k ING | ||
| 952 | |0 0 |1 0 |2 ddc |4 0 |6 515_000000000000000_AST_2024 |7 0 |8 A |9 595834 |a BIBING |b BIBING |c GEN |d 2024-07-08 |e Donación |h v.2 |i 5661868 |l 4 |m 2 |o 515 AST 2024 |p 5661868 |r 2025-01-20 |s 2024-11-04 |t 69 |w 2024-07-09 |y BK |k ING | ||
| 952 | |0 0 |1 0 |2 ddc |4 0 |6 515_000000000000000_AST_2024 |7 0 |8 A |9 595835 |a BIBING |b BIBING |c GEN |d 2024-07-08 |e Donación |h v.2 |i 5661869 |l 3 |m 1 |o 515 AST 2024 |p 5661869 |r 2025-01-20 |s 2024-11-06 |t 70 |w 2024-07-09 |y BK |k ING | ||
| 952 | |0 0 |1 0 |2 ddc |4 0 |6 515_000000000000000_AST_2024 |7 0 |8 A |9 595836 |a BIBING |b BIBING |c GEN |d 2024-07-08 |e Donación |h v.2 |i 5661870 |l 2 |o 515 AST 2024 |p 5661870 |r 2025-05-02 |s 2025-04-25 |t 71 |w 2024-07-09 |y BK |k ING | ||
| 952 | |0 0 |1 0 |2 ddc |4 0 |6 515_000000000000000_AST_2024 |7 0 |8 A |9 595837 |a BIBING |b BIBING |c GEN |d 2024-07-08 |e Donación |h v.2 |i 5661871 |o 515 AST 2024 |p 5661871 |r 2025-01-20 |t 72 |w 2024-07-09 |y BK |k ING | ||
| 952 | |0 0 |1 0 |2 ddc |4 0 |6 515_000000000000000_AST_2024 |7 0 |8 A |9 595838 |a BIBING |b BIBING |c GEN |d 2024-07-08 |e Donación |h v.2 |i 5661872 |o 515 AST 2024 |p 5661872 |r 2025-01-20 |t 73 |w 2024-07-09 |y BK |k ING | ||
| 952 | |0 0 |1 0 |2 ddc |4 0 |6 515_000000000000000_AST_2024 |7 0 |8 A |9 595839 |a BIBING |b BIBING |c GEN |d 2024-07-08 |e Donación |h v.2 |i 5661873 |l 2 |m 2 |o 515 AST 2024 |p 5661873 |q 2025-05-12 |r 2025-05-05 |s 2025-05-05 |t 74 |w 2024-07-09 |y BK |k ING | ||
| 952 | |0 0 |1 0 |2 ddc |4 0 |6 515_000000000000000_AST_2024 |7 0 |8 A |9 595840 |a BIBING |b BIBING |c GEN |d 2024-07-08 |e Donación |h v.2 |i 5661874 |l 1 |o 515 AST 2024 |p 5661874 |r 2025-04-14 |s 2025-04-09 |t 75 |w 2024-07-09 |y BK |k ING | ||
| 952 | |0 0 |1 0 |2 ddc |4 0 |6 515_000000000000000_AST_2024 |7 0 |8 A |9 595965 |a BIBING |b BIBING |c GEN |d 2024-07-08 |e Donación |h v.2 |i 5661875 |o 515 AST 2024 |p 5661875 |r 2025-01-20 |t 76 |w 2024-07-09 |y BK |k ING | ||
| 952 | |0 0 |1 0 |2 ddc |4 0 |6 515_000000000000000_AST_2024 |7 0 |8 A |9 595966 |a BIBING |b BIBING |c GEN |d 2024-07-08 |e Donación |h v.2 |i 5661876 |l 1 |o 515 AST 2024 |p 5661876 |r 2025-01-20 |s 2024-08-09 |t 77 |w 2024-07-09 |y BK |k ING | ||
| 952 | |0 0 |1 0 |2 ddc |4 0 |6 515_000000000000000_AST_2024 |7 0 |8 A |9 595967 |a BIBING |b BIBING |c GEN |d 2024-07-08 |e Donación |h v.2 |i 5661877 |l 1 |o 515 AST 2024 |p 5661877 |r 2025-03-21 |s 2025-03-14 |t 78 |w 2024-07-09 |y BK |k ING | ||
| 952 | |0 0 |1 0 |2 ddc |4 0 |6 515_000000000000000_AST_2024 |7 0 |8 A |9 595968 |a BIBING |b BIBING |c GEN |d 2024-07-08 |e Donación |h v.2 |i 5661878 |l 3 |m 1 |o 515 AST 2024 |p 5661878 |r 2025-04-14 |s 2025-03-31 |t 79 |w 2024-07-09 |y BK |k ING | ||
| 952 | |0 0 |1 0 |2 ddc |4 0 |6 515_000000000000000_AST_2024 |7 0 |8 A |9 595969 |a BIBING |b BIBING |c GEN |d 2024-07-08 |e Donación |h v.2 |i 5661879 |l 2 |o 515 AST 2024 |p 5661879 |r 2025-04-02 |s 2025-03-31 |t 80 |w 2024-07-09 |y BK |k ING | ||
| 952 | |0 0 |1 0 |2 ddc |4 0 |6 515_000000000000000_AST_2024 |7 0 |8 A |9 595970 |a BIBING |b BIBING |c GEN |d 2024-07-08 |e Donación |h v.2 |i 5661880 |l 2 |m 3 |o 515 AST 2024 |p 5661880 |r 2025-05-09 |s 2025-04-29 |t 81 |w 2024-07-09 |y BK |k ING | ||
| 952 | |0 0 |1 0 |2 ddc |4 0 |6 515_000000000000000_AST_2024 |7 0 |8 A |9 595971 |a BIBING |b BIBING |c GEN |d 2024-07-08 |e Donación |h v.2 |i 5661881 |o 515 AST 2024 |p 5661881 |r 2025-01-20 |t 82 |w 2024-07-09 |y BK |k ING | ||
| 952 | |0 0 |1 0 |2 ddc |4 0 |6 515_000000000000000_AST_2024 |7 0 |8 A |9 595972 |a BIBING |b BIBING |c GEN |d 2024-07-08 |e Donación |h v.2 |i 5661882 |o 515 AST 2024 |p 5661882 |r 2025-01-20 |t 83 |w 2024-07-09 |y BK |k ING | ||
| 952 | |0 0 |1 0 |2 ddc |4 0 |6 515_000000000000000_AST_2024 |7 0 |8 A |9 595973 |a BIBING |b BIBING |c GEN |d 2024-07-08 |e Donación |h v.2 |i 5661883 |o 515 AST 2024 |p 5661883 |r 2025-01-20 |t 84 |w 2024-07-09 |y BK |k ING | ||
| 952 | |0 0 |1 0 |2 ddc |4 0 |6 515_000000000000000_AST_2024 |7 0 |8 A |9 595974 |a BIBING |b BIBING |c GEN |d 2024-07-08 |e Donación |h v.2 |i 5661884 |o 515 AST 2024 |p 5661884 |r 2025-01-20 |t 85 |w 2024-07-09 |y BK |k ING | ||
| 952 | |0 0 |1 0 |2 ddc |4 0 |6 515_000000000000000_AST_2024 |7 0 |8 A |9 595975 |a BIBMEC |b BIBMEC |c GEN |d 2024-07-08 |e Donación |h v.2 |i 5661885 |o 515 AST 2024 |p 5661885 |r 2024-07-23 |t 86 |w 2024-07-09 |y BK |k MEC | ||
| 952 | |0 0 |1 0 |2 ddc |4 0 |6 515_000000000000000_AST_2024 |7 0 |8 A |9 595976 |a BIBMEC |b BIBMEC |d 2024-07-08 |e Donación |h v.2 |i 5661886 |o 515 AST 2024 |p 5661886 |r 2024-07-23 |t 87 |w 2024-07-09 |y BK |k MEC | ||
| 952 | |0 0 |1 0 |2 ddc |4 0 |6 515_000000000000000_AST_2024 |7 0 |8 A |9 595977 |a BIBMEC |b BIBMEC |d 2024-07-08 |e Donación |h v.2 |i 5661887 |o 515 AST 2024 |p 5661887 |r 2024-07-23 |t 88 |w 2024-07-09 |y BK |k MEC | ||
| 952 | |0 0 |1 0 |2 ddc |4 0 |6 515_000000000000000_AST_2024 |7 0 |8 A |9 595978 |a BIBMEC |b BIBMEC |d 2024-07-08 |e Donación |h v.2 |i 5661888 |o 515 AST 2024 |p 5661888 |r 2024-07-23 |t 89 |w 2024-07-09 |y BK |k MEC | ||
| 952 | |0 0 |1 0 |2 ddc |4 0 |6 515_000000000000000_AST_2024 |7 0 |8 A |9 595979 |a BIBMEC |b BIBMEC |d 2024-07-08 |e Donación |h v.2 |i 5661889 |o 515 AST 2024 |p 5661889 |r 2024-07-23 |t 90 |w 2024-07-09 |y BK |k MEC | ||
| 952 | |0 0 |1 0 |2 ddc |4 0 |6 515_000000000000000_AST_2024 |7 0 |8 A |9 595980 |a BIBMEC |b BIBMEC |d 2024-07-08 |e Donación |h v.2 |i 5661890 |o 515 AST 2024 |p 5661890 |r 2024-07-23 |t 91 |w 2024-07-09 |y BK |k MEC | ||
| 952 | |0 0 |1 0 |2 ddc |4 0 |6 515_000000000000000_AST_2024 |7 0 |8 A |9 595981 |a BIBMEC |b BIBMEC |d 2024-07-08 |e Donación |h v.2 |i 5661891 |o 515 AST 2024 |p 5661891 |r 2024-07-23 |t 92 |w 2024-07-09 |y BK |k MEC | ||
| 952 | |0 0 |1 0 |2 ddc |4 0 |6 515_000000000000000_AST_2024 |7 0 |8 A |9 595982 |a BIBMEC |b BIBMEC |d 2024-07-08 |e Donación |h v.2 |i 5661892 |o 515 AST 2024 |p 5661892 |r 2024-07-23 |t 93 |w 2024-07-09 |y BK |k MEC | ||
| 952 | |0 0 |1 0 |2 ddc |4 0 |6 515_000000000000000_AST_2024 |7 0 |8 A |9 595983 |a BIBMEC |b BIBMEC |d 2024-07-08 |e Donación |h v.2 |i 5661893 |o 515 AST 2024 |p 5661893 |r 2024-07-23 |t 94 |w 2024-07-09 |y BK |k MEC | ||
| 952 | |0 0 |1 0 |2 ddc |4 0 |6 515_000000000000000_AST_2024 |7 0 |8 A |9 595984 |a BIBMEC |b BIBMEC |d 2024-07-08 |e Donación |h v.2 |i 5661894 |o 515 AST 2024 |p 5661894 |r 2024-07-23 |t 95 |w 2024-07-09 |y BK |k MEC | ||
| 952 | |0 0 |1 0 |2 ddc |4 0 |6 515_000000000000000_AST_2024 |7 0 |8 A |9 595985 |a BIBMEC |b BIBMEC |d 2024-07-08 |e Donación |h v.2 |i 5661895 |o 515 AST 2024 |p 5661895 |r 2024-07-23 |t 96 |w 2024-07-09 |y BK |k MEC | ||
| 952 | |0 0 |1 0 |2 ddc |4 0 |6 515_000000000000000_AST_2024 |7 0 |8 A |9 595986 |a BIBMEC |b BIBMEC |d 2024-07-08 |e Donación |h v.2 |i 5661896 |o 515 AST 2024 |p 5661896 |r 2024-07-23 |t 97 |w 2024-07-09 |y BK |k MEC | ||
| 952 | |0 0 |1 0 |2 ddc |4 0 |6 515_000000000000000_AST_2024 |7 0 |8 A |9 595988 |a BIBMEC |b BIBMEC |d 2024-07-08 |e Donación |h v.2 |i 5661897 |l 1 |o 515 AST 2024 |p 5661897 |q 2025-05-14 |r 2025-05-07 |s 2025-05-07 |t 98 |w 2024-07-09 |y BK |k MEC | ||
| 952 | |0 0 |1 0 |2 ddc |4 0 |6 515_000000000000000_AST_2024 |7 0 |8 A |9 595989 |a BIBMEC |b BIBMEC |d 2024-07-08 |e Donación |h v.2 |i 5661898 |o 515 AST 2024 |p 5661898 |r 2024-07-24 |t 99 |w 2024-07-09 |y BK |k MEC | ||
| 952 | |0 0 |1 0 |2 ddc |4 0 |6 515_000000000000000_AST_2024 |7 0 |8 A |9 595990 |a BIBMEC |b BIBMEC |d 2024-07-08 |e Donación |h v.2 |i 5661899 |o 515 AST 2024 |p 5661899 |r 2024-07-24 |t 100 |w 2024-07-09 |y BK |k MEC | ||